Statistics for State Quiz - Vermont

Click here to take the quiz!

General Stats

  • This quiz has been taken 19,985 times
    (15,952 since last reset)
  • The average score is 13 of 20

Answer Stats

HintAnswer% Correct
States that border VermontNew Hampshire
97%
States that border VermontNew York
96%
States that border VermontMassachusetts
90%
Famous ice cream brandBen and Jerry's
89%
State capitalMontpelier
87%
Socialist who ran for President
in 2016 and 2020
Bernie Sanders
86%
Largest animalMoose
76%
Vermont is the leading producer
of this breakfast item
Maple Syrup
74%
Mormon founder born in VermontJoseph Smith
67%
Largest cityBurlington
65%
Fall foliage tourists{Leaf} Peepers
64%
President born in Vermont in 1872
and elected in 1924
Calvin Coolidge
62%
This form of advertising is bannedBillboards
57%
Large lake found on the
western border
Champlain
56%
Vermont's mountain rangeGreen Mountains
51%
Former poet laureate of Vermont
who wrote "The Road Not Taken"
Robert Frost
51%
What you might do at Sugarbush
or Smuggler's Notch
Ski
49%
What is a catamount?Mountain Lion
36%
Vermonter who captured
Fort Ticonderoga
Ethan Allen
32%
Governor who ran for President
in 2004
Howard Dean
29%

Score Distribution

Percentile by Number Answered

Percent of People with Each Score

Your Score History

You have not taken this quiz since the last reset